[Event "Lleida-ch"]
[Site "Leida"]
[Date "2023.10.22"]
[Round "4"]
[White "Rodriguez Moles, Julian"]
[Black "Estruch Andreu, Guim"]
[Result "1/2-1/2"]
[WhiteElo "1811"]
[BlackElo "1882"]
[PlyCount "45"]
[EventDate "2023.10.01"]
[EventType "swiss"]
[EventRounds "8"]
[EventCountry "ESP"]
[SourceTitle "EXT 2025"]
[Source "ChessBase"]
[SourceDate "2024.10.14"]
[SourceVersion "1"]
[SourceVersionDate "2024.10.14"]
[SourceQuality "1"]

1. e4 c5 2. Nc3 Nc6 3. f4 g6 4. Bc4 Bg7 5. Nf3 e6 6. d3 Nge7 7. 0-0 0-0 8. Qe1 d5 9. Bb3 a6 10. a4 Rb8 11. f5 gxf5 12. exd5 exd5 13. Bg5 Be6 14. Qh4 d4 15. Ne2 Bxb3 16. cxb3 Qd7 17. Ng3 Nd5 18. Rae1 Rbe8 19. Bh6 Bxh6 20. Qxh6 Re6 21. Qh3 Ne3 22. Ng5 h6 23. Nxe6 1/2-1/2

[Event "Lleida-ch"]
[Site "Leida"]
[Date "2023.10.08"]
[Round "2"]
[White "Campos Olaya, Israel"]
[Black "Estruch Andreu, Guim"]
[Result "1-0"]
[WhiteElo "2240"]
[BlackElo "1882"]
[PlyCount "35"]
[EventDate "2023.10.01"]
[EventType "swiss"]
[EventRounds "8"]
[EventCountry "ESP"]
[SourceTitle "EXT 2025"]
[Source "ChessBase"]
[SourceDate "2024.10.14"]
[SourceVersion "1"]
[SourceVersionDate "2024.10.14"]
[SourceQuality "1"]

1. e4 c5 2. Nf3 e6 3. d4 cxd4 4. Nxd4 a6 5. Nc3 Qc7 6. g3 b5 7. Bg2 Bb7 8. 0-0 Nc6 9. Re1 d6 10. a4 b4 11. Nd5 exd5 12. Nxc6 dxe4 13. Bxe4 Ne7 14. Nxb4 0-0-0 15. Ra3 d5 16. Rc3 Bc6 17. Bd3 Ng6 18. Bxa6+ 1-0

[Event "Lleida Regional-ch"]
[Site "Lleida"]
[Date "2019.12.08"]
[Round "8"]
[White "Estruch Andreu, Guim"]
[Black "Pique Safont, Joan Manel"]
[Result "1/2-1/2"]
[WhiteElo "1869"]
[BlackElo "1942"]
[PlyCount "55"]
[EventDate "2019.10.13"]
[EventType "swiss"]
[EventRounds "9"]
[EventCountry "ESP"]
[SourceTitle "CBM 193 Extra"]
[Source "ChessBase"]
[SourceDate "2020.01.31"]
[SourceVersion "1"]
[SourceVersionDate "2020.01.31"]
[SourceQuality "1"]

1. e4 e6 2. d4 d5 3. Nc3 dxe4 4. Nxe4 Nd7 5. c4 Ngf6 6. Nc3 c6 7. Nf3 Bd6 8. Bd3 b6 9. 0-0 0-0 10. Bg5 Qc7 11. Re1 Bb7 12. Rc1 Bf4 13. Bxf4 Qxf4 14. Ne2 Qh6 15. Ng3 c5 16. Ne4 cxd4 17. Nxd4 Nxe4 18. Bxe4 Bxe4 19. Rxe4 Nc5 20. Re3 Rad8 21. b4 e5 22. bxc5 bxc5 23. Rxe5 Rxd4 24. Qe1 Qd6 25. g3 g6 26. Re7 Qa6 27. Qe2 Qa4 28. Qc2 1/2-1/2

[Event "Lleida Regional-ch"]
[Site "Lleida"]
[Date "2019.10.27"]
[Round "3"]
[White "Monell Camarasa, David"]
[Black "Estruch Andreu, Guim"]
[Result "1/2-1/2"]
[WhiteElo "2218"]
[BlackElo "1869"]
[PlyCount "120"]
[EventDate "2019.10.13"]
[EventType "swiss"]
[EventRounds "9"]
[EventCountry "ESP"]
[SourceTitle "CBM 193 Extra"]
[Source "ChessBase"]
[SourceDate "2020.01.31"]
[SourceVersion "1"]
[SourceVersionDate "2020.01.31"]
[SourceQuality "1"]

1. d4 Nf6 2. c4 g6 3. Nc3 Bg7 4. e4 d6 5. Nf3 0-0 6. Be2 e5 7. dxe5 dxe5 8. Qxd8 Rxd8 9. Bg5 Re8 10. 0-0 c6 11. Rad1 h6 12. Bh4 Na6 13. Nd2 Nc5 14. f3 Nh5 15. Bf2 Bf8 16. g3 Bh3 17. Rfe1 Rad8 18. Nb3 Nxb3 19. axb3 a6 20. Bb6 Rxd1 21. Rxd1 Bc8 22. Na4 f5 23. exf5 gxf5 24. Bc5 Nf6 25. Bxf8 Kxf8 26. Nb6 Be6 27. b4 Ke7 28. b5 axb5 29. cxb5 Nd7 30. Nxd7 Bxd7 31. Kf2 cxb5 32. Rxd7+ Kxd7 33. Bxb5+ Ke7 34. Bxe8 Kxe8 35. g4 Ke7 36. Ke3 Kf6 37. h3 Kg5 38. f4+ exf4+ 39. Kf3 fxg4+ 40. hxg4 Kf6 41. Kxf4 Kg6 42. Kf3 Kg5 43. Kg3 Kg6 44. Kh4 Kf6 45. Kh5 Kg7 46. b4 Kh7 47. b5 Kg7 48. Kh4 Kg6 49. Kg3 Kg5 50. Kf3 b6 51. Kg3 Kg6 52. Kh4 Kg7 53. Kh5 Kh7 54. g5 hxg5 55. Kxg5 Kg7 56. Kf5 Kf7 57. Ke5 Ke7 58. Kd5 Kd7 59. Ke5 Ke7 60. Kd5 Kd7 1/2-1/2

[Event "Salou op U2300 3rd"]
[Site "Salou"]
[Date "2018.04.30"]
[Round "5"]
[White "Estruch Andreu, Guim"]
[Black "Romero Mendez, Antonio"]
[Result "1/2-1/2"]
[WhiteElo "1784"]
[BlackElo "1908"]
[PlyCount "158"]
[EventDate "2018.04.28"]
[EventType "swiss"]
[EventRounds "7"]
[EventCountry "ESP"]
[SourceTitle "CBM 184 Extra"]
[Source "ChessBase"]
[SourceDate "2018.06.28"]
[SourceVersion "1"]
[SourceVersionDate "2018.06.28"]
[SourceQuality "1"]

1. e4 c5 2. Nf3 d6 3. d4 cxd4 4. Nxd4 Nf6 5. Nc3 g6 6. f3 Bg7 7. Be3 0-0 8. Qd2 Nc6 9. 0-0-0 Nxd4 10. Bxd4 Be6 11. Kb1 a6 12. g4 Rc8 13. h4 h5 14. gxh5 Nxh5 15. Bxg7 Kxg7 16. Bh3 Bxh3 17. Rxh3 Nf6 18. Rg1 Rh8 19. f4 Kf8 20. Nd5 Nxe4 21. Qd4 Nf6 22. Re1 Qa5 23. Nc3 Rh5 24. Rhe3 Rc7 25. a3 Qc5 26. Qd2 b5 27. Ne2 Nd5 28. Rg3 Nb6 29. Nd4 Nc4 30. Qd3 b4 31. Ne6+ fxe6 32. Qxg6 Rh8 33. Qg7+ Ke8 34. Qxh8+ Kd7 35. axb4 Nd2+ 36. Ka1 Qxc2 37. Ra3 Nc4 38. Qd4 Nxa3 39. bxa3 Qc3+ 40. Qxc3 Rxc3 41. Kb2 Rh3 42. Rf1 Rxh4 43. Kb3 Rh5 44. Rf3 Rf5 45. Rc3 Rxf4 46. a4 Rf8 47. b5 axb5 48. axb5 Rb8 49. Kb4 e5 50. Ka5 d5 51. Rc5 e6 52. Ka6 Ra8+ 53. Kb7 Ra1 54. Rc7+ Kd6 55. Rc6+ Ke7 56. Kc7 Rb1 57. b6 e4 58. b7 Rxb7+ 59. Kxb7 d4 60. Rc4 e5 61. Kc6 Ke6 62. Rc1 e3 63. Re1 e4 64. Kc5 Ke5 65. Kc4 d3 66. Kc3 Kf4 67. Rh1 Kf3 68. Rh3+ Kf2 69. Rh2+ Kg3 70. Rh1 d2 71. Kc2 Kg2 72. Rh4 Kg3 73. Rxe4 Kf3 74. Re6 Ke2 75. Rd6 Ke1 76. Rd3 Ke2 77. Rd4 Ke1 78. Rd5 Ke2 79. Rd3 Kf2 1/2-1/2

[Event "Lleida op"]
[Site "Lleida"]
[Date "2016.05.21"]
[Round "5.5"]
[White "Estruch Andreu, Guim"]
[Black "Ferrer Font, Jordi"]
[Result "0-1"]
[WhiteElo "1531"]
[BlackElo "1885"]
[PlyCount "94"]
[EventDate "2016.04.23"]
[EventType "swiss"]
[EventRounds "9"]
[EventCountry "ESP"]
[SourceTitle "EXT 2024"]
[Source "ChessBase"]
[SourceDate "2023.10.10"]
[SourceVersion "1"]
[SourceVersionDate "2023.10.10"]
[SourceQuality "1"]

1. e4 c5 2. Nf3 Nc6 3. d4 cxd4 4. Nxd4 e5 5. Nb5 d6 6. c4 a6 7. N5c3 f5 8. Bd3 fxe4 9. Bxe4 Nf6 10. Bg5 Be7 11. Bxf6 Bxf6 12. Qh5+ g6 13. Qh6 Qe7 14. Nd5 Qf7 15. Nxf6+ Qxf6 16. Nc3 Be6 17. Bd5 0-0-0 18. 0-0 Nd4 19. b4 Rdf8 20. Ne4 Qe7 21. Bxe6+ Qxe6 22. c5 Nf5 23. Qd2 d5 24. Nd6+ Nxd6 25. cxd6 Qxd6 26. Rac1+ Kb8 27. Rc5 d4 28. Re1 Rf5 29. Qe2 Rhf8 30. Rxe5 Rxf2 31. Re8+ Ka7 32. Qe5 Qxe5 33. R8xe5 Rxa2 34. R5e2 Rxe2 35. Rxe2 Rf7 36. Re4 Rd7 37. Kf1 b6 38. Ke2 a5 39. bxa5 bxa5 40. Kd3 Kb6 41. Re5 a4 42. g4 Rd6 43. h4 h6 44. h5 gxh5 45. gxh5 a3 46. Rf5 a2 47. Rf1 Kc5 0-1

[Event "Lleida-ch B"]
[Site "La Guardia"]
[Date "2015.10.11"]
[Round "3.5"]
[White "Vladimirov Savov, Tsanco"]
[Black "Estruch Andreu, Guim"]
[Result "1-0"]
[WhiteElo "1897"]
[BlackElo "1891"]
[PlyCount "91"]
[EventDate "2015.09.27"]
[EventType "swiss"]
[EventRounds "9"]
[EventCountry "ESP"]
[SourceTitle "EXT 2024"]
[Source "ChessBase"]
[SourceDate "2023.10.10"]
[SourceVersion "1"]
[SourceVersionDate "2023.10.10"]
[SourceQuality "1"]

1. e4 c5 2. c3 d5 3. exd5 Qxd5 4. d4 cxd4 5. cxd4 Nc6 6. Be3 Nf6 7. Nc3 Qd8 8. Bb5 Bd7 9. Nf3 a6 10. Ba4 e6 11. 0-0 Be7 12. a3 0-0 13. b4 Rc8 14. Rc1 Ng4 15. Bf4 Nf6 16. Re1 Re8 17. Bb3 Nb8 18. d5 exd5 19. Nxd5 Bc6 20. Nxe7+ Rxe7 21. Qxd8+ Rxd8 22. Rxe7 Rd7 23. Rxd7 Nbxd7 24. Ne5 Nxe5 25. Bxe5 Ne4 26. Bg3 Kf8 27. Bc2 Nc3 28. Bd3 Nb5 29. Bxb5 Bxb5 30. Re1 f6 31. Bd6+ Kg8 32. Re7 Bc6 33. Rc7 g6 34. a4 Kh8 35. b5 axb5 36. axb5 Bxb5 37. Rxb7 Ba6 38. Rf7 f5 39. Ra7 Bb5 40. f4 Bd3 41. Kf2 Be4 42. Ke3 Bxg2 43. h4 h5 44. Kd4 Kg8 45. Ke5 Bc6 46. Kf6 1-0

[Event "Masdenverge op 4th"]
[Site "Masdenverge"]
[Date "2015.06.26"]
[Round "1"]
[White "Jordan Martinez, David"]
[Black "Estruch Andreu, Guim"]
[Result "1-0"]
[WhiteElo "2131"]
[BlackElo "1508"]
[PlyCount "41"]
[EventDate "2015.06.26"]
[EventType "swiss"]
[EventRounds "7"]
[EventCountry "ESP"]
[SourceTitle "EXT 2019"]
[Source "ChessBase"]
[SourceDate "2018.10.10"]
[SourceVersion "1"]
[SourceVersionDate "2018.10.10"]
[SourceQuality "1"]

1. Nf3 c5 2. c4 g6 3. g3 Nc6 4. Bg2 Bg7 5. Nc3 Nf6 6. 0-0 0-0 7. d4 cxd4 8. Nxd4 Qc7 9. Bf4 d6 10. Ndb5 Qd8 11. Rc1 a6 12. Na3 Be6 13. Qa4 Qc8 14. Nd5 Bxd5 15. cxd5 Nxd5 16. Bxd5 Bxb2 17. Rc2 b5 18. Nxb5 axb5 19. Qxb5 Rb8 20. Qxc6 Qf5 21. Be4 1-0